=LDR 00000nam 2200000 4500 =001 INLIS000000000026333 =005 20130612124759 =008 ***********************************Ind** =035 ##$$0010-061300000026333 =041 ##$$a Ind =082 ##$$a 4x0 =090 ##$$a 4x0, SUM b =100 ##$$a Sumantri, Abud Prawira =245 ##$$a Buku materi pokok kebahasaan III, oleh Abud Prawira Sumantri =260 ##$$a 1986 $b Jakarta =300 ##$$a 130 hlm., 28 cm =650 ##$$a bahasa =650 ##$$a sistem tulisan =850 ##$$a NBPNMAT